Effect of phosphorus and potassium on growth flowering and bulb yield of tuberose / (Record no. 8854)

MARC details
000 -LEADER
fixed length control field 01125nam a22003017a 4500
001 - CONTROL NUMBER
control field BD-DhSAU 8854
003 - CONTROL NUMBER IDENTIFIER
control field BD-DhSAU
005 - DATE AND TIME OF LATEST TRANSACTION
control field 20181220113049.0
008 - FIXED-LENGTH DATA ELEMENTS--GENERAL INFORMATION
fixed length control field 150420b2010 bg ||||| m||| 00| 0 eng d
040 ## - CATALOGING SOURCE
Original cataloging agency BD-DhSAU
082 ## - DEWEY DECIMAL CLASSIFICATION NUMBER
Edition number 22
Classification number 635
Item number F225
100 ## - MAIN ENTRY--PERSONAL NAME
Relator term Registration # 08-03228
Personal name Faridujjaman, Md.
245 ## - TITLE STATEMENT
Title Effect of phosphorus and potassium on growth flowering and bulb yield of tuberose /
Remainder of title MS thesis
Statement of responsibility, etc. Md. Faridujjaman
260 ## - PUBLICATION, DISTRIBUTION, ETC. (IMPRINT)
Place of publication, distribution, etc. Sher-e-Bangla Agricultural University :
Name of publisher, distributor, etc. Department of Horticulture,
Date of publication, distribution, etc. 2010.
300 ## - PHYSICAL DESCRIPTION
Extent xv, 79 p. :
Dimensions 30 cm.
Other physical details ill. ;
500 ## - GENERAL NOTE
General note MS thesis of Department of Horticulture, Faculty of Agriculture, Sher-e-Bangla Agricultural University, Dhaka
504 ## - BIBLIOGRAPHY, ETC. NOTE
Bibliography, etc Includes bibliographical reference.
590 ## - Name of Cataloguer
Name of Cataloger Jerin
650 ## - SUBJECT ADDED ENTRY--TOPICAL TERM
Topical term or geographic name as entry element Horticulture
650 ## - SUBJECT ADDED ENTRY--TOPICAL TERM
Topical term or geographic name as entry element potassium
650 ## - SUBJECT ADDED ENTRY--TOPICAL TERM
Topical term or geographic name as entry element phosphorus
650 ## - SUBJECT ADDED ENTRY--TOPICAL TERM
Topical term or geographic name as entry element tuberose
650 ## - SUBJECT ADDED ENTRY--TOPICAL TERM
Topical term or geographic name as entry element lettuce
700 ## - ADDED ENTRY--PERSONAL NAME
Personal name Amin, Md. Ruhul
Relator term Superviser
700 ## - ADDED ENTRY--PERSONAL NAME
Personal name Uddin, Abul Faiz Md. Jamal
Relator term Co-superviser
856 ## - ELECTRONIC LOCATION AND ACCESS
Uniform Resource Identifier <a href="http://archive.saulibrary.edu.bd:8080/xmlui/handle/123456789/517">http://archive.saulibrary.edu.bd:8080/xmlui/handle/123456789/517</a>
942 ## - ADDED ENTRY ELEMENTS (KOHA)
Source of classification or shelving scheme Dewey Decimal Classification
Koha item type MS Level Thesis
Holdings
Withdrawn status Lost status Source of classification or shelving scheme Damaged status Not for loan Collection code Home library Branch Name Shelving location Date acquired Total Checkouts Full call number Barcode Date last seen Price effective from Koha item type
    Dewey Decimal Classification   Not For Loan Reference SAU Library SAU Library Reference 25/11/2013   635 F225 37293 14/06/2015 14/06/2015 MS Level Thesis